[Event "29. Cullera 2012 - Open B"]
[Site "Cullera ESP"]
[Date "2012.08.25"]
[Round "1.1"]
[White "Raimundo Medina, Fermin"]
[Black "Ortega Gadea, Santiago"]
[Result "1/2-1/2"]
[WhiteElo "1781"]
[BlackElo "2047"]
[PlyCount "97"]
[EventDate "2012.08.25"]
[EventType "swiss"]
[EventRounds "9"]
[EventCountry "ESP"]
[Source "lmi"]
[SourceDate "2012.08.25"]

1. e4 Nf6 2. e5 Nd5 3. d4 d6 4. c4 Nb6 5. exd6 cxd6 6. Nc3 g6 7. Be3 Bg7 8. Rc1
O-O 9. b3 e6 10. Nf3 Na6 11. c5 Nd5 12. Nxd5 exd5 13. Qd2 Nc7 14. Be2 Re8 15.
O-O Ne6 16. Rfd1 Bd7 17. b4 a6 18. Bd3 Bb5 19. Qc2 Qd7 20. Bxb5 axb5 21. Ng5
dxc5 22. bxc5 Nxg5 23. Bxg5 Qg4 24. Be3 Ra4 25. Qb2 Qd7 26. Rd3 Rea8 27. a3 Bf8
28. Rb3 b6 29. Rxb5 bxc5 30. dxc5 d4 31. c6 Qd6 32. Bd2 Qxa3 33. c7 Rc8 34. Rb8
Qxb2 35. Rxb2 Bd6 36. Rb7 Kf8 37. Bg5 d3 38. h4 Ke8 39. Rb8 Kd7 40. Rxc8 Kxc8
41. Bd8 d2 42. Rd1 Rd4 43. Kf1 Bxc7 44. Bxc7 Kxc7 45. g3 Kd6 46. Ke2 Ke5 47.
Rxd2 Rxd2+ 48. Kxd2 Kf5 49. f3 1/2-1/2

[Event "29. Cullera 2012 - Open B"]
[Site "Cullera ESP"]
[Date "2012.08.25"]
[Round "1.2"]
[White "Cortes Marti, Javier"]
[Black "Castilla Arteaga, Carlos David"]
[Result "0-1"]
[WhiteElo "2045"]
[BlackElo "1772"]
[PlyCount "72"]
[EventDate "2012.08.25"]
[EventType "swiss"]
[EventRounds "9"]
[EventCountry "ESP"]
[Source "lmi"]
[SourceDate "2012.08.25"]

1. d4 d5 2. c4 c6 3. Nc3 Nf6 4. Nf3 a6 5. a4 Nbd7 6. Bf4 Nh5 7. Bg5 Nhf6 8. e3
e6 9. Rc1 h6 10. Bf4 Be7 11. Bd3 dxc4 12. Bxc4 Nd5 13. Bg3 N7f6 14. O-O O-O 15.
Qe2 Nxc3 16. bxc3 Ne4 17. Nd2 Nxg3 18. hxg3 c5 19. Nf3 cxd4 20. cxd4 Bd7 21.
Ra1 Bf6 22. e4 Bc6 23. Rfd1 Re8 24. e5 Be7 25. Bb3 Bd5 26. Bc2 Bxf3 27. Qxf3 b5
28. d5 exd5 29. Rxd5 Qb6 30. Bb3 bxa4 31. Rxa4 Rf8 32. Rd7 Ra7 33. Rd2 a5 34.
Re2 Rb7 35. Bc2 Rc7 36. Rg4 Rxc2 0-1

[Event "29. Cullera 2012 - Open B"]
[Site "Cullera ESP"]
[Date "2012.08.25"]
[Round "1.3"]
[White "Marco Catala, Juan Bautista"]
[Black "Lara Granero, Bio"]
[Result "0-1"]
[WhiteElo "1770"]
[BlackElo "2045"]
[PlyCount "97"]
[EventDate "2012.08.25"]
[EventType "swiss"]
[EventRounds "9"]
[EventCountry "ESP"]
[Source "lmi"]
[SourceDate "2012.08.25"]

1. c4 e5 2. Nc3 Nf6 3. Nf3 d6 4. d4 exd4 5. Nxd4 Be7 6. e4 O-O 7. Be2 Re8 8.
O-O Nbd7 9. Be3 a6 10. Qc2 Ne5 11. Rad1 Nfg4 12. Bf4 Ng6 13. Bg3 Bh4 14. Qd3
Bxg3 15. Qxg3 h5 16. f4 h4 17. Qd3 Nf6 18. f5 Ne5 19. Qh3 Nh7 20. Nf3 Nxf3+ 21.
Qxf3 c6 22. Qf4 Qb6+ 23. Kh1 Qxb2 24. Rd3 Qb4 25. Qxh4 Nf6 26. Rh3 Kf8 27. Qh8+
Ke7 28. Qxg7 Rg8 29. Qh6 Bd7 30. Qe3 Qa5 31. Rb1 Rab8 32. Qd4 c5 33. Qe3 Bc6
34. Nd5+ Bxd5 35. exd5+ Kd7 36. Rh4 Qxa2 37. Qd3 Rge8 38. Bf3 Qf2 39. g3 Re3
40. Rf1 Qxh2+ 41. Kxh2 Rxd3 42. Kg2 Rd2+ 43. Kh3 Re8 44. Rh6 Ne4 45. f6 Nf2+
46. Kh4 Nd3 47. Bg4+ Kc7 48. Bh5 Rh2+ 49. Kg4 0-1

[Event "29. Cullera 2012 - Open B"]
[Site "Cullera ESP"]
[Date "2012.08.25"]
[Round "1.4"]
[White "Alcaraz Carcel, Antonio"]
[Black "Vera Juan, Andreu"]
[Result "1-0"]
[WhiteElo "2041"]
[BlackElo "1762"]
[PlyCount "91"]
[EventDate "2012.08.25"]
[EventType "swiss"]
[EventRounds "9"]
[EventCountry "ESP"]
[Source "lmi"]
[SourceDate "2012.08.25"]

1. d4 e6 2. Nf3 Nf6 3. Bg5 h6 4. Bh4 b6 5. e3 Be7 6. Nbd2 Bb7 7. Bd3 c5 8. c3
Nc6 9. O-O cxd4 10. cxd4 O-O 11. a3 Nh5 12. Bxe7 Qxe7 13. b4 a6 14. Rc1 Nf6 15.
e4 d5 16. e5 Nd7 17. Bb1 Rac8 18. Re1 b5 19. Nf1 Na7 20. Qd3 g6 21. h4 h5 22.
Ng3 f5 23. exf6 Rxf6 24. Ne5 Nf8 25. Qe3 Nc6 26. Nxc6 Rxc6 27. Rxc6 Bxc6 28.
Ne2 Qd6 29. g3 Kg7 30. Nf4 Qb8 31. Nh3 Qb6 32. Rc1 Be8 33. Nf4 Qd8 34. Qe5 Kg8
35. Qg5 Nh7 36. Qe5 Nf8 37. Nd3 Nd7 38. Qe3 a5 39. Nc5 Nxc5 40. Rxc5 axb4 41.
axb4 Qa8 42. Qe5 Kg7 43. Rc7+ Bf7 44. Bxg6 Qa1+ 45. Kg2 Qb2 46. Rxf7+ 1-0

[Event "29. Cullera 2012 - Open B"]
[Site "Cullera ESP"]
[Date "2012.08.25"]
[Round "1.5"]
[White "Moreno Vicente, Jesus Miguel"]
[Black "Cebolla Moll, Ricardo"]
[Result "0-1"]
[WhiteElo "1754"]
[BlackElo "2038"]
[PlyCount "76"]
[EventDate "2012.08.25"]
[EventType "swiss"]
[EventRounds "9"]
[EventCountry "ESP"]
[Source "lmi"]
[SourceDate "2012.08.25"]

1. Nf3 Nf6 2. c4 g6 3. Nc3 d5 4. cxd5 Nxd5 5. e4 Nxc3 6. bxc3 Bg7 7. Bc4 O-O 8.
O-O Nc6 9. Rb1 Na5 10. Be2 b6 11. Qc2 Bb7 12. d4 Nc6 13. Be3 e6 14. Qd2 Ne7 15.
Bd3 Qd7 16. Bh6 Rfd8 17. Bxg7 Kxg7 18. Ne5 Qe8 19. Qf4 Ng8 20. h4 Qe7 21. Rfd1
Rac8 22. Bf1 Nf6 23. Re1 Nh5 24. Qh2 Qd6 25. g4 f6 26. gxh5 fxe5 27. dxe5 Qd2
28. Re3 Rd7 29. Qh3 Rf8 30. Qg3 Rdf7 31. Re2 Qf4 32. Bg2 Kh6 33. hxg6 hxg6 34.
Rd1 Kh5 35. Bf3+ Kh6 36. Rd3 Ba6 37. Qg5+ Qxg5+ 38. hxg5+ Kxg5 0-1

[Event "29. Cullera 2012 - Open B"]
[Site "Cullera ESP"]
[Date "2012.08.25"]
[Round "1.7"]
[White "Ventura Monfort, Javier"]
[Black "Oltra Landete, Fidel"]
[Result "1/2-1/2"]
[WhiteElo "1715"]
[BlackElo "2027"]
[PlyCount "151"]
[EventDate "2012.08.25"]
[EventType "swiss"]
[EventRounds "9"]
[EventCountry "ESP"]
[Source "lmi"]
[SourceDate "2012.08.25"]

1. d4 d5 2. c4 c6 3. Nc3 dxc4 4. e3 b5 5. a4 b4 6. Na2 e6 7. Bxc4 Nf6 8. Nf3
Bd6 9. Qc2 Qc7 10. e4 e5 11. dxe5 Bxe5 12. Nxb4 Bd6 13. Na2 O-O 14. Bg5 Nbd7
15. Nc3 a5 16. O-O Ng4 17. h3 Nge5 18. Nxe5 Nxe5 19. Be2 Ng6 20. Rac1 h6 21.
Be3 Qe7 22. f4 Bc5 23. Bxc5 Qxc5+ 24. Kh1 Rb8 25. e5 Qb4 26. Ne4 Qxb2 27. Nd6
Qxc2 28. Rxc2 Bd7 29. Rc5 Rb4 30. f5 Nf4 31. Bc4 Nd5 32. Rxa5 Ne3 33. Rf4 Nxc4
34. Rxc4 Rxc4 35. Nxc4 Bxf5 36. Rc5 Be4 37. a5 Rb8 38. Nb6 Rb7 39. Kh2 Kf8 40.
Rc1 Ra7 41. Ra1 Bd3 42. Rd1 Bf5 43. Rd8+ Ke7 44. Ra8 Rxa8 45. Nxa8 Kd7 46. Kg3
Kc8 47. Kf4 Be6 48. Ke3 Kb7 49. Nb6 Ka6 50. Na4 Kxa5 51. Nc5 Bd5 52. g3 Kb4 53.
Kd4 Bg2 54. h4 Bd5 55. Nd3+ Kb5 56. Nc5 Kb6 57. Nd3 Kc7 58. Nc5 Kd8 59. Nd3 Ke7
60. Nf4 Bf3 61. Ke3 Bh1 62. Kd4 g5 63. Nh5 Bf3 64. Nf6 Ke6 65. Ne8 c5+ 66. Kxc5
Kxe5 67. Nd6 gxh4 68. gxh4 Bd5 69. Nb5 Be6 70. Nd4 Kf4 71. Kd6 Kg4 72. Nxe6
fxe6 73. Kxe6 Kxh4 74. Kf5 h5 75. Kf4 Kh3 76. Kf3 1/2-1/2

[Event "29. Cullera 2012 - Open B"]
[Site "Cullera ESP"]
[Date "2012.08.25"]
[Round "1.8"]
[White "Leon Colan, Carlos Edmundo"]
[Black "Martinez Miura, Enrique"]
[Result "1-0"]
[WhiteElo "2021"]
[BlackElo "1713"]
[PlyCount "47"]
[EventDate "2012.08.25"]
[EventType "swiss"]
[EventRounds "9"]
[EventCountry "ESP"]
[Source "lmi"]
[SourceDate "2012.08.25"]

1. d4 e6 2. e4 d5 3. e5 c5 4. c3 cxd4 5. cxd4 Bb4+ 6. Nc3 Ne7 7. Bd3 Nbc6 8.
Nge2 h6 9. a3 Bxc3+ 10. bxc3 O-O 11. O-O Bd7 12. Rb1 b6 13. f4 g6 14. f5 Nxf5
15. Bxf5 exf5 16. Bxh6 Re8 17. Qd2 f6 18. exf6 Qxf6 19. Rbe1 Re4 20. Bg5 Qg7
21. Nf4 Rae8 22. Nxd5 Nxd4 23. Nf6+ Kf7 24. cxd4 1-0

[Event "29. Cullera 2012 - Open B"]
[Site "Cullera ESP"]
[Date "2012.08.25"]
[Round "1.9"]
[White "Montoliu Costa, Francisco"]
[Black "Fernandez Seco, Julian"]
[Result "1-0"]
[WhiteElo "1710"]
[BlackElo "2017"]
[PlyCount "75"]
[EventDate "2012.08.25"]
[EventType "swiss"]
[EventRounds "9"]
[EventCountry "ESP"]
[Source "lmi"]
[SourceDate "2012.08.25"]

1. d4 Nf6 2. c4 g6 3. Nc3 Bg7 4. e4 d6 5. Bd3 O-O 6. f3 Nc6 7. Be3 e5 8. d5 Nd4
9. Nge2 c5 10. dxc6 Nxc6 11. Qd2 a6 12. O-O-O Rb8 13. g4 Qa5 14. Kb1 Be6 15.
Nd5 Qxd2 16. Rxd2 b5 17. cxb5 axb5 18. Nxf6+ Bxf6 19. Bc2 Be7 20. Nc1 Na5 21.
b3 Rfc8 22. h3 Nc6 23. Rf1 Nb4 24. Nd3 Na6 25. Rc1 f5 26. gxf5 gxf5 27. Rg1+
Kf7 28. exf5 Bxf5 29. Nxe5+ dxe5 30. Bxf5 Rc3 31. Rd3 Rbc8 32. Bxh7 Nb4 33.
Rxc3 Rxc3 34. Bd2 Rxf3 35. Bg8+ Kf8 36. Be6 Ke8 37. Rc1 Bd6 38. Bg5 1-0

[Event "29. Cullera 2012 - Open B"]
[Site "Cullera ESP"]
[Date "2012.08.25"]
[Round "1.10"]
[White "De La Calle Llopis, Juan"]
[Black "Picazo Gonzalez, Ana"]
[Result "1-0"]
[WhiteElo "2010"]
[BlackElo "1709"]
[PlyCount "75"]
[EventDate "2012.08.25"]
[EventType "swiss"]
[EventRounds "9"]
[EventCountry "ESP"]
[Source "lmi"]
[SourceDate "2012.08.25"]

1. e4 e6 2. d3 d5 3. Nd2 Nf6 4. Ngf3 Nc6 5. g3 dxe4 6. dxe4 Bc5 7. Bg2 O-O 8.
O-O e5 9. c3 b6 10. b4 Bd6 11. Re1 Qe7 12. Qc2 a5 13. b5 Nb8 14. Nc4 Nbd7 15.
Nxd6 cxd6 16. Ba3 Nc5 17. Bxc5 dxc5 18. Nxe5 Qxe5 19. f4 Qb8 20. e5 Nd7 21.
Rad1 Ra7 22. c4 Rc7 23. Bc6 Qa7 24. g4 Nb8 25. Be4 g6 26. f5 gxf5 27. gxf5 f6
28. e6 Rg7+ 29. Kh1 Kh8 30. Rg1 Rfg8 31. Qd2 Qe7 32. Qf4 Bb7 33. Bd5 Bc8 34. h4
Bb7 35. h5 Rg5 36. Rxg5 fxg5 37. Qe5+ Qg7 38. f6 1-0

[Event "29. Cullera 2012 - Open B"]
[Site "Cullera ESP"]
[Date "2012.08.25"]
[Round "1.11"]
[White "Gomez Maestro, Gustavo"]
[Black "Garcia Domingo, Jose Antonio"]
[Result "0-1"]
[WhiteElo "1708"]
[BlackElo "2008"]
[PlyCount "54"]
[EventDate "2012.08.25"]
[EventType "swiss"]
[EventRounds "9"]
[EventCountry "ESP"]
[Source "lmi"]
[SourceDate "2012.08.25"]

1. d4 c5 2. d5 d6 3. c4 e6 4. Nc3 Nf6 5. e4 exd5 6. cxd5 a6 7. a4 g6 8. Nge2
Bg7 9. f3 O-O 10. Ng3 Ne8 11. Be2 f5 12. exf5 Bxf5 13. O-O Nd7 14. Bd3 Bxd3 15.
Qxd3 Ne5 16. Qe2 c4 17. Nge4 Nd3 18. Ng5 Nxc1 19. Qe6+ Kh8 20. Nf7+ Rxf7 21.
Qxf7 Nd3 22. Ne4 Nf6 23. g3 Nxe4 24. fxe4 Qb6+ 25. Kg2 Qxb2+ 26. Kh3 Rf8 27.
Qe7 Nf2+ 0-1

[Event "29. Cullera 2012 - Open B"]
[Site "Cullera ESP"]
[Date "2012.08.26"]
[Round "2.1"]
[White "Lara Granero, Bio"]
[Black "Albert Garrote, Amadeo"]
[Result "1-0"]
[WhiteElo "2045"]
[BlackElo "1906"]
[PlyCount "95"]
[EventDate "2012.08.25"]
[EventType "swiss"]
[EventRounds "9"]
[EventCountry "ESP"]
[Source "lmi"]
[SourceDate "2012.08.25"]

1. Nf3 d5 2. g3 Nf6 3. Bg2 Bf5 4. d3 e6 5. O-O Be7 6. Nbd2 h6 7. c3 c6 8. Re1
O-O 9. Qc2 Nbd7 10. a4 Rb8 11. a5 c5 12. Nh4 Bh7 13. e4 dxe4 14. dxe4 Qc7 15.
Bf1 Rfd8 16. f3 b5 17. c4 b4 18. Nb3 a6 19. Ng2 Ne5 20. Be2 Rd7 21. Be3 Rbd8
22. Rad1 g5 23. g4 Qc6 24. Rxd7 Rxd7 25. Nd2 Qc7 26. Ra1 Nc6 27. Nb3 Ne5 28.
Ne1 Rd8 29. Bf2 Nfd7 30. Bg3 Qb7 31. Rd1 Nc6 32. Bf2 e5 33. Ng2 Nd4 34. Nxd4
cxd4 35. Ne1 b3 36. Qc1 Bb4 37. Qa1 Nc5 38. Nd3 Nxd3 39. Rxd3 Bc5 40. Qa4 Rb8
41. Be1 f6 42. Bd1 Bxe4 43. Rxb3 d3+ 44. Kf1 Qc8 45. fxe4 Ra8 46. Rxd3 Bd4 47.
Qc2 Rb8 48. b4 1-0

[Event "29. Cullera 2012 - Open B"]
[Site "Cullera ESP"]
[Date "2012.08.26"]
[Round "2.2"]
[White "Harutyunyan, Tigran"]
[Black "Alcaraz Carcel, Antonio"]
[Result "0-1"]
[WhiteElo "1885"]
[BlackElo "2041"]
[PlyCount "94"]
[EventDate "2012.08.25"]
[EventType "swiss"]
[EventRounds "9"]
[EventCountry "ESP"]
[Source "lmi"]
[SourceDate "2012.08.25"]

1. d4 d5 2. c4 c6 3. Nf3 Nf6 4. Qc2 dxc4 5. Qxc4 Bf5 6. g3 e6 7. Bg2 Nbd7 8.
Nc3 Be7 9. O-O O-O 10. Re1 Ne4 11. Nd2 Nxd2 12. Bxd2 Nb6 13. Qb3 Qxd4 14. Rad1
Qc4 15. e4 Bg4 16. f3 Qxb3 17. axb3 Bh5 18. Be3 Rad8 19. Kf2 Rxd1 20. Rxd1 Rd8
21. Ke2 Rxd1 22. Kxd1 Nc8 23. h4 f6 24. Kc2 Kf8 25. Ne2 Bd6 26. g4 Bf7 27. f4
e5 28. f5 Bc7 29. Bc5+ Ke8 30. Nc1 Bb6 31. Bxb6 Nxb6 32. Nd3 Nd7 33. Kc3 Ke7
34. Bf1 a5 35. Be2 Kd6 36. Bd1 c5 37. Ne1 Nb8 38. Ng2 Nc6 39. Ne3 b5 40. g5 Nd4
41. gxf6 gxf6 42. Ng4 Ke7 43. Ne3 b4+ 44. Kd3 Nxb3 45. Bxb3 Bxb3 46. Nd5+ Bxd5
47. exd5 a4 0-1

[Event "29. Cullera 2012 - Open B"]
[Site "Cullera ESP"]
[Date "2012.08.26"]
[Round "2.3"]
[White "Cebolla Moll, Ricardo"]
[Black "Pelegri Castello, Elias"]
[Result "1-0"]
[WhiteElo "2038"]
[BlackElo "1848"]
[PlyCount "39"]
[EventDate "2012.08.25"]
[EventType "swiss"]
[EventRounds "9"]
[EventCountry "ESP"]
[Source "lmi"]
[SourceDate "2012.08.25"]

1. b4 e5 2. Bb2 Bxb4 3. Bxe5 Nf6 4. e3 d5 5. Be2 c5 6. Nf3 Nc6 7. Bb2 O-O 8.
O-O d4 9. c3 dxc3 10. Nxc3 Bf5 11. d3 Rc8 12. Na4 Qd6 13. e4 b5 14. Nc3 Bg6 15.
Nb1 Qb8 16. Na3 Ng4 17. Nc2 Nd4 18. Bxd4 cxd4 19. Rb1 f5 20. e5 1-0

[Event "29. Cullera 2012 - Open B"]
[Site "Cullera ESP"]
[Date "2012.08.26"]
[Round "2.5"]
[White "Alcala Cuesta, Miguel"]
[Black "De La Calle Llopis, Juan"]
[Result "0-1"]
[WhiteElo "1827"]
[BlackElo "2010"]
[PlyCount "50"]
[EventDate "2012.08.25"]
[EventType "swiss"]
[EventRounds "9"]
[EventCountry "ESP"]
[Source "lmi"]
[SourceDate "2012.08.25"]

1. d4 Nf6 2. c4 g6 3. d5 c6 4. Nc3 cxd5 5. Nxd5 Bg7 6. Nf3 O-O 7. e3 d6 8. Be2
Nc6 9. O-O Be6 10. Nf4 Bd7 11. Qb3 Na5 12. Qc2 Bf5 13. Bd3 Bxd3 14. Qxd3 Rc8
15. b3 e5 16. Ba3 exf4 17. exf4 Ne8 18. Rad1 Qf6 19. Bxd6 Nxd6 20. Qxd6 Rfd8
21. Qe5 Nc6 22. Qb5 Rxd1 23. Rxd1 Qe7 24. c5 a6 25. Qa4 Qxc5 0-1

[Event "29. Cullera 2012 - Open B"]
[Site "Cullera ESP"]
[Date "2012.08.26"]
[Round "2.6"]
[White "Garcia Domingo, Jose Antonio"]
[Black "Davidovas Chananovas, Norman"]
[Result "0-1"]
[WhiteElo "2008"]
[BlackElo "1838"]
[PlyCount "52"]
[EventDate "2012.08.25"]
[EventType "swiss"]
[EventRounds "9"]
[EventCountry "ESP"]
[Source "lmi"]
[SourceDate "2012.08.25"]

1. e4 d6 2. f4 c5 3. Nf3 g6 4. c3 Bg7 5. Bd3 Bd7 6. Bc2 b5 7. O-O Nc6 8. d3 b4
9. Bd2 Qb6 10. Kh1 Nh6 11. a3 Rb8 12. axb4 cxb4 13. d4 a5 14. Be3 Qc7 15. Ba4
Rb7 16. d5 Nb8 17. cxb4 Rxb4 18. Bxd7+ Nxd7 19. Bd4 Rxd4 20. Nxd4 O-O 21. Nc6
Nb8 22. Rf2 Nxc6 23. Rc2 Qb6 24. dxc6 Rc8 25. Qd5 Ng4 26. h3 Ne3 0-1

[Event "29. Cullera 2012 - Open B"]
[Site "Cullera ESP"]
[Date "2012.08.26"]
[Round "2.7"]
[White "Gonzalez Berruga, Ana Isabel"]
[Black "Pradas Soria, Ernesto"]
[Result "1/2-1/2"]
[WhiteElo "2003"]
[BlackElo "1823"]
[PlyCount "35"]
[EventDate "2012.08.25"]
[EventType "swiss"]
[EventRounds "9"]
[EventCountry "ESP"]
[Source "lmi"]
[SourceDate "2012.08.25"]

1. d4 Nf6 2. c4 g6 3. Nc3 Bg7 4. e4 d6 5. f3 O-O 6. Bg5 Nbd7 7. Qd2 c5 8. d5
Re8 9. Be2 Qa5 10. Nh3 a6 11. Nf2 Rb8 12. O-O b5 13. cxb5 axb5 14. f4 b4 15.
Ncd1 Nb6 16. Ne3 Ba6 17. Bxa6 Qxa6 18. Bh4 1/2-1/2

[Event "29. Cullera 2012 - Open B"]
[Site "Cullera ESP"]
[Date "2012.08.26"]
[Round "2.8"]
[White "Lopez Diaz, Rafael"]
[Black "Basilio Rodriguez, Jose Manuel"]
[Result "0-1"]
[WhiteElo "1819"]
[BlackElo "2002"]
[PlyCount "76"]
[EventDate "2012.08.25"]
[EventType "swiss"]
[EventRounds "9"]
[EventCountry "ESP"]
[Source "lmi"]
[SourceDate "2012.08.25"]

1. f4 f5 2. Nf3 Nf6 3. e3 e6 4. b3 b6 5. Bb2 Bb7 6. Be2 Bc5 7. Nc3 O-O 8. O-O
a6 9. Qe1 Nc6 10. Na4 Nb4 11. Bd1 Be7 12. a3 Nbd5 13. Nc3 Nxc3 14. Bxc3 Ne4 15.
Bb2 Bf6 16. c3 d6 17. d3 Nc5 18. Qd2 a5 19. a4 e5 20. b4 Nd7 21. Bb3+ Kh8 22.
Qc2 c5 23. b5 e4 24. Nd2 d5 25. dxe4 c4 26. Ba2 fxe4 27. Rad1 Qc7 28. Qc1 Nc5
29. Qc2 Nd3 30. Ba3 Be7 31. Bc1 Bc5 32. Nb1 Rxf4 33. Rxf4 Qxf4 34. Rf1 Bxe3+
35. Bxe3 Qxe3+ 36. Kh1 Re8 37. Na3 Qc5 38. Qe2 Rf8 0-1

[Event "29. Cullera 2012 - Open B"]
[Site "Cullera ESP"]
[Date "2012.08.26"]
[Round "2.16"]
[White "Albo Ruiz, Jose Martin"]
[Black "Vila Tormo, Eduardo"]
[Result "1-0"]
[WhiteElo "1917"]
[BlackElo "1557"]
[PlyCount "57"]
[EventDate "2012.08.25"]
[EventType "swiss"]
[EventRounds "9"]
[EventCountry "ESP"]
[Source "lmi"]
[SourceDate "2012.08.25"]

1. e4 c5 2. Nc3 Nc6 3. f4 g6 4. Nf3 Bg7 5. Bb5 a6 6. Bxc6 dxc6 7. O-O Nf6 8. d3
O-O 9. Qe1 b5 10. Be3 Nd7 11. Kh1 b4 12. Nd1 a5 13. Qh4 a4 14. e5 e6 15. Qh3
Kh8 16. Ng5 h6 17. Nf2 Kg8 18. Nge4 Qe7 19. Ng4 h5 20. Ngf6+ Bxf6 21. exf6 Qd8
22. Qh4 Ra5 23. Rad1 Ba6 24. Rf3 c4 25. g4 hxg4 26. Rg3 Rh5 27. Qxg4 Nxf6 28.
Nxf6+ Qxf6 29. Qxh5 1-0

[Event "29. Cullera 2012 - Open B"]
[Site "Cullera ESP"]
[Date "2012.08.26"]
[Round "2.19"]
[White "Oltra Landete, Fidel"]
[Black "Raimundo Medina, Fermin"]
[Result "1-0"]
[WhiteElo "2027"]
[BlackElo "1781"]
[PlyCount "49"]
[EventDate "2012.08.25"]
[EventType "swiss"]
[EventRounds "9"]
[EventCountry "ESP"]
[Source "lmi"]
[SourceDate "2012.08.25"]

1. e4 c6 2. Nc3 d5 3. Qf3 e6 4. d4 dxe4 5. Nxe4 Qxd4 6. Bd3 Nf6 7. Ne2 Qd8 8.
Bg5 Be7 9. O-O-O Nxe4 10. Bxe7 Qxe7 11. Qxe4 Nd7 12. g4 Nc5 13. Qe3 Nxd3+ 14.
Rxd3 Bd7 15. Rhd1 Bc8 16. Rd8+ Qxd8 17. Rxd8+ Kxd8 18. Qg5+ Kc7 19. Qxg7 Bd7
20. Qe5+ Kb6 21. Nc3 Rhd8 22. Na4+ Ka6 23. Nc5+ Kb6 24. b4 Be8 25. Na4+ 1-0

[Event "29. Cullera 2012 - Open B"]
[Site "Cullera ESP"]
[Date "2012.08.26"]
[Round "3.1"]
[White "Basilio Rodriguez, Jose Manuel"]
[Black "Lara Granero, Bio"]
[Result "0-1"]
[WhiteElo "2002"]
[BlackElo "2045"]
[PlyCount "88"]
[EventDate "2012.08.25"]
[EventType "swiss"]
[EventRounds "9"]
[EventCountry "ESP"]
[Source "lmi"]
[SourceDate "2012.08.25"]

1. Nf3 d6 2. c4 g6 3. Nc3 Bg7 4. g3 c6 5. Bg2 Na6 6. O-O Nf6 7. d3 O-O 8. h3 e5
9. Rb1 Ne8 10. b4 Bd7 11. Qb3 h6 12. Be3 f5 13. b5 Nc5 14. Bxc5 dxc5 15. bxc6
Bxc6 16. Nd5 Qd6 17. e4 Nc7 18. Nh4 Bxd5 19. cxd5 b6 20. Rfc1 f4 21. a4 Kh7 22.
a5 Rad8 23. Qa3 Bf6 24. Nf3 fxg3 25. fxg3 Ne8 26. Nd2 Ng7 27. g4 Qc7 28. axb6
axb6 29. Nc4 b5 30. Qa5 Qxa5 31. Nxa5 Bg5 32. Rc2 Be3+ 33. Kh1 b4 34. Nc6 Rc8
35. Re2 Bf4 36. Ra2 h5 37. Ra7 hxg4 38. hxg4 Kh6 39. Bf3 Ra8 40. Rba1 Rxa7 41.
Rxa7 c4 42. Kg2 c3 43. Nxb4 Rb8 44. Nc2 Rb2 0-1

[Event "29. Cullera 2012 - Open B"]
[Site "Cullera ESP"]
[Date "2012.08.26"]
[Round "3.3"]
[White "Gomez Pajares, Blas"]
[Black "Cebolla Moll, Ricardo"]
[Result "0-1"]
[WhiteElo "1950"]
[BlackElo "2038"]
[PlyCount "55"]
[EventDate "2012.08.25"]
[EventType "swiss"]
[EventRounds "9"]
[EventCountry "ESP"]
[Source "lmi"]
[SourceDate "2012.08.25"]

1. d4 Nf6 2. c3 b6 3. Bg5 Bb7 4. Nf3 d6 5. e3 Nbd7 6. Be2 e6 7. Nbd2 Be7 8. Qc2
Nd5 9. Bxe7 Qxe7 10. c4 N5f6 11. e4 e5 12. d5 a5 13. O-O O-O 14. Nh4 g6 15. g3
Ne8 16. Bg4 Ndf6 17. Bh3 Nh5 18. Ng2 Neg7 19. f4 exf4 20. gxf4 f5 21. Rae1 Qf6
22. e5 dxe5 23. fxe5 Qe7 24. e6 Qc5+ 25. Rf2 Bxd5 26. Re5 c6 27. e7 Rfe8 28.
Kf1 0-1

[Event "29. Cullera 2012 - Open B"]
[Site "Cullera ESP"]
[Date "2012.08.26"]
[Round "3.4"]
[White "Leon Colan, Carlos Edmundo"]
[Black "Perez Garcia, Jose Miguel"]
[Result "0-1"]
[WhiteElo "2021"]
[BlackElo "1967"]
[PlyCount "100"]
[EventDate "2012.08.25"]
[EventType "swiss"]
[EventRounds "9"]
[EventCountry "ESP"]
[Source "lmi"]
[SourceDate "2012.08.25"]

1. d4 Nf6 2. Nf3 e6 3. e3 c5 4. Bd3 Nc6 5. c3 cxd4 6. exd4 Be7 7. O-O O-O 8.
Re1 d6 9. h3 b6 10. Bg5 Bb7 11. Nbd2 Re8 12. Rc1 h6 13. Bh4 Qd7 14. Bb1 Rac8
15. Bxf6 Bxf6 16. Ne4 Qe7 17. Qd3 g6 18. Nxf6+ Qxf6 19. Re3 Ne7 20. Ne1 Nf5 21.
Re2 Qg5 22. Qd2 Nxd4 23. Re3 Nf5 24. Bxf5 exf5 25. Rd1 Rxe3 26. Qxe3 Qxe3 27.
fxe3 Rd8 28. Rd4 Kf8 29. Kf2 Ke7 30. g3 Be4 31. g4 Ke6 32. Kg3 Ke5 33. Nf3+
Bxf3 34. Kxf3 fxg4+ 35. hxg4 d5 36. c4 Rd6 37. b3 f6 38. cxd5 Rxd5 39. Rc4 Rc5
40. Rd4 Ra5 41. a4 Rd5 42. Rc4 Rd3 43. Rc7 h5 44. Rxa7 Rxb3 45. Ra6 f5 46. Ra8
Rb4 47. Re8+ Kd6 48. Rd8+ Kc7 49. Rf8 Rxa4 50. Rf6 Rxg4 0-1

[Event "29. Cullera 2012 - Open B"]
[Site "Cullera ESP"]
[Date "2012.08.26"]
[Round "3.5"]
[White "De La Calle Llopis, Juan"]
[Black "Davidovas Chananovas, Norman"]
[Result "0-1"]
[WhiteElo "2010"]
[BlackElo "1838"]
[PlyCount "49"]
[EventDate "2012.08.25"]
[EventType "swiss"]
[EventRounds "9"]
[EventCountry "ESP"]
[Source "lmi"]
[SourceDate "2012.08.25"]

1. e4 d6 2. d3 c5 3. g3 g6 4. Bg2 Bg7 5. Nd2 Nf6 6. Ngf3 O-O 7. O-O Nc6 8. c3
Qc7 9. Re1 Rb8 10. Nf1 Bg4 11. h3 Bxf3 12. Bxf3 Ne5 13. Bg2 c4 14. dxc4 Nxc4
15. Ne3 b5 16. Qe2 Nd7 17. Nd5 Qd8 18. Bg5 Re8 19. b3 Nce5 20. Rac1 Nc5 21.
Rcd1 a5 22. Be3 Ned7 23. Bd4 a4 24. bxa4 bxa4 25. Rb1 0-1

[Event "29. Cullera 2012 - Open B"]
[Site "Cullera ESP"]
[Date "2012.08.26"]
[Round "3.6"]
[White "Roca Cruz, Rafael"]
[Black "Ortega Gadea, Santiago"]
[Result "1/2-1/2"]
[WhiteElo "2029"]
[BlackElo "2047"]
[PlyCount "90"]
[EventDate "2012.08.25"]
[EventType "swiss"]
[EventRounds "9"]
[EventCountry "ESP"]
[Source "lmi"]
[SourceDate "2012.08.25"]

1. e4 c5 2. Nf3 e6 3. d4 cxd4 4. Nxd4 a6 5. Bd3 d6 6. O-O Nf6 7. c4 Be7 8. Nc3
O-O 9. Be3 Bd7 10. f4 Qc7 11. Rc1 Nc6 12. h3 Rfe8 13. g4 Nxd4 14. Bxd4 Bc6 15.
g5 Nd7 16. Qg4 Bf8 17. b4 e5 18. Nd5 Bxd5 19. cxd5 Qd8 20. fxe5 Nxe5 21. Bxe5
Rxe5 22. h4 Qb6+ 23. Rf2 Qxb4 24. Qf3 Re7 25. Rb1 Qc3 26. Rb6 Qc5 27. Rbb2 g6
28. Qf6 Rae8 29. Rbc2 Qe3 30. Qf3 Qd4 31. Kg2 Bg7 32. Rc4 Qe5 33. Rfc2 f6 34.
Qg4 fxg5 35. hxg5 Rf8 36. Rc8 Ref7 37. Rxf8+ Bxf8 38. Qg3 Qxg3+ 39. Kxg3 Re7
40. Rc8 Kf7 41. Kf4 Bg7 42. Bf1 a5 43. Bh3 Be5+ 44. Kf3 Re8 45. Rxe8 Kxe8
1/2-1/2